|
|
|
|
| LEADER |
00939naa a2200265 i 4500 |
| 001 |
publ33637 |
| 005 |
20250613154059.0 |
| 008 |
250613s1981 hu o 000 eng d |
| 020 |
|
|
|a 9788787473460; 8787473461
|
| 024 |
7 |
|
|a 1127782
|2 mtmt
|
| 040 |
|
|
|a SZTE Publicatio Repozitórium
|b hun
|
| 041 |
|
|
|a eng
|
| 100 |
1 |
|
|a Penke Botond
|
| 245 |
1 |
2 |
|a A New Synthesis of Tyrosine-O-Sulfated Peptides Containing Methionine
|h [elektronikus dokumentum] /
|c Penke Botond
|
| 260 |
|
|
|a Scriptor Publishers Aps
|b Copenhagen
|c 1981
|
| 300 |
|
|
|a 5
|
| 300 |
|
|
|a 253-257
|
| 490 |
0 |
|
|a Peptides 1980: Proceedings of the Sixteenth European Peptide Symposium
|
| 650 |
|
4 |
|a Kémiai tudományok
|
| 650 |
|
4 |
|a Egyéb orvostudományok
|
| 700 |
0 |
1 |
|a Tóth Gábor
|e aut
|
| 700 |
0 |
1 |
|a Zarándi Márta
|e aut
|
| 700 |
0 |
1 |
|a Nagy Attila
|e aut
|
| 700 |
0 |
1 |
|a Kovács Kálmán
|e aut
|
| 856 |
4 |
0 |
|u http://publicatio.bibl.u-szeged.hu/33637/1/aok_klny_1603_81.pdf
|z Dokumentum-elérés
|